Countries That Border Hungary - Statistics

General Stats
  • This quiz has been taken 37 times
  • The average score is 7 of 7
Answer Stats
Country % Correct
Austria
97%
Romania
97%
Serbia
97%
Slovakia
97%
Slovenia
92%
Ukraine
92%
Croatia
83%
No matching quizzes found
Score Distribution
Percent of People with Each Score
Percentile by Number Answered
Your Score History
You have not taken this quiz